| Record ID | ia:encyclopediaofno0000unse_c0p4 |
| Source | Internet Archive |
| Download MARC XML | https://archive.org/download/encyclopediaofno0000unse_c0p4/encyclopediaofno0000unse_c0p4_marc.xml |
| Download MARC binary | https://www.archive.org/download/encyclopediaofno0000unse_c0p4/encyclopediaofno0000unse_c0p4_meta.mrc |
LEADER: 00739cam a22002294a 4500
001 2002003121
003 DLC
005 20070502100641.0
008 020228s2002 wiua 001 0 eng
010 $a 2002003121
020 $a1572235012 (hardcover : alk. paper)
040 $aDLC$cDLC$dDLC
042 $apcc
043 $an-us---$an-cn---
050 00 $aSF428.5$b.E53 2002
082 00 $a636.75/097$221
245 00 $aEncyclopedia of North American sporting dogs /$cwritten by sportsmen for sportsmen ; edited by Steve Smith.
260 $aMinocqua, Wis. :$bWillow Creek Press,$cc2002.
300 $a240 p. :$bchiefly col. ill. ;$c31 cm.
650 0 $aHunting dogs$zUnited States.
650 0 $aHunting dogs$zCanada.
700 1 $aSmith, Steve,$d1947-